| 000 | 00598nam a2200205 a 4500 | ||
|---|---|---|---|
| 005 | 20240924070321.0 | ||
| 008 | 030303s19871997mx r 000 0 spa d | ||
| 020 | _a9681625021 | ||
| 035 | _aUPN01000122316 | ||
| 049 | _aCG | ||
| 050 | 4 |
_aGN400 _bM8.38 |
|
| 100 | 1 |
_aMurdock, George Peter, _d1897- |
|
| 245 | 1 | 0 |
_aCultura y sociedad : _b24 ensayos / _cGeorge Peter Murdock ; tr. Mariluz Caso. |
| 260 |
_aMéxico : _bFCE, _c1987 (1997 impr.) |
||
| 300 | _a318 p. | ||
| 440 | 0 | _aSección de obras de antropología | |
| 650 | 2 |
_aAntropología _94499 |
|
| 650 | 2 |
_aEtnología _94794 |
|
| 905 | _aLibro | ||
| 999 |
_c94512 _d94512 |
||